=LDR 00000nam 2200000 4500 =001 INLIS000000000048117 =005 20160516131506.0 =006 =007 =008 =020 ##$$a 979-8767-49-7 =035 ##$$0010-051600000000022 =040 ##$$a ind =082 ##$$a 345 =090 ##$$a 345.mar.t2 =100 ##$$a leden marpaung S.H =245 ##$$a tindakan pidana terhadap nyawa dan tubuh =260 ##$$a cet.3 =300 ##$$b babVI,264 hlm $20cm =440 ##$$a pemberantasan revisi =850 ##$$a BPAP =990 ##$$a 20610373